000 01357cac a2200373 i 4500
003 EG-GICUC
005 20260121101407.0
008 790910s1987 enk frb 001 0 eng d
020 _a04212391308
_c£7.00
040 _aDLC
_cDLC
_dDLC
_dEG-GICUC
_beng
_erda
043 _ab------
_ae-uk---
082 0 0 _a342.042
_221
092 0 4 _221
099 _aLaw 08 1987
100 1 _aPhillips, Owen Hood.
240 1 0 _aConstitutional and administrative law
245 1 0 _aO. Hood Phillips' Constitutional and administrative law /
_cby O. Hood Phillips and Paul Jackson.
250 _a7th. ed.ition /
264 _aLondon :
_bSweet & Maxwell,
_c1987.
300 _alxxvi, 808 page ;
_c23 cm.
336 _atext
_btxt
_2rdacontent
337 _aunmediated
_bn
_2rdamedia
338 _avolume
_bnc
_2rdacarrier
500 _aFirst and 2d ed. published under title: The constitutional law of Great Britain and the Commonwealth.
504 _aIncludes bibliographical references and indexes.
650 0 _aConstitutional law
_zGreat Britain.
650 0 _aAdministrative law
_zGreat Britain.
650 0 _aConstitutional law
_zCommonwealth countries.
700 1 _aJackson, Paul,
_cLL.B.
740 _aConstitutional and administrative law.
856 4 0 _uhttps://fll.law.cu.edu.eg/fulltext/bks/ENGB08-00051.pdf
905 _a10
942 _2ddc
_cBK
_e21
_n0
999 _c47452
_d47452